00701 a2200157 45000010006000000050017000060080041000230030015000640400040000790800035001192450053001542640035002073000019002425050260002611000022005212998420260407155611.0260407a1976 arg spa dAR-UNSa-BCEJYS aAR-UNSa-BCEJYSbspacAR-UNSa-BCEJYS a657.47xContabilidad de Costos10aManual de costos y precios para la exportación 1aBuenos Aires :bCangalloc1976 a268 p.c23 cm. a1. Introducción - 2. Cálculo de costos y precios - 3. Cálculo del ajuste compensador - 4. Casos prácticos para el cálculo de costos y precios - 5. Papeles de trabajo y normas complementarias - 6. Manual de costos y precios para la exportación 1 aFratalocchi, Aldo